<?xml version="1.0" encoding="UTF-8"?><?xml-stylesheet type="text/xsl" href="static/style.xsl"?><OAI-PMH xmlns="http://www.openarchives.org/OAI/2.0/" xmlns:xsi="http://www.w3.org/2001/XMLSchema-instance" xsi:schemaLocation="http://www.openarchives.org/OAI/2.0/ http://www.openarchives.org/OAI/2.0/OAI-PMH.xsd"><responseDate>2026-04-27T08:16:31Z</responseDate><request verb="GetRecord" identifier="oai:uvadoc.uva.es:10324/5909" metadataPrefix="marc">https://uvadoc.uva.es/oai/request</request><GetRecord><record><header><identifier>oai:uvadoc.uva.es:10324/5909</identifier><datestamp>2021-06-18T09:30:08Z</datestamp><setSpec>com_10324_38</setSpec><setSpec>col_10324_787</setSpec></header><metadata><record xmlns="http://www.loc.gov/MARC21/slim" xmlns:doc="http://www.lyncode.com/xoai" xmlns:xsi="http://www.w3.org/2001/XMLSchema-instance" xmlns:dcterms="http://purl.org/dc/terms/" xsi:schemaLocation="http://www.loc.gov/MARC21/slim http://www.loc.gov/standards/marcxml/schema/MARC21slim.xsd">
<leader>00925njm 22002777a 4500</leader>
<datafield tag="042" ind1=" " ind2=" ">
<subfield code="a">dc</subfield>
</datafield>
<datafield tag="720" ind1=" " ind2=" ">
<subfield code="a">Aixelá García, Alejandro</subfield>
<subfield code="e">author</subfield>
</datafield>
<datafield tag="260" ind1=" " ind2=" ">
<subfield code="c">2014</subfield>
</datafield>
<datafield tag="520" ind1=" " ind2=" ">
<subfield code="a">Este trabajo muestra la necesidad de crear un programa de apoyo educativo expresada por la comunidad educativa (profesorado, alumnado y familias) de un Centro de Educación Infantil y Primaria de la ciudad de Segovia. El investigador, inmerso en el centro como observador participante durante su periodo de prácticas docentes, extrae información suficiente que justifica el diseño e implementación de un programa piloto de apoyo educativo para el grupo de 2º curso de Primaria. Esta información cualitativa es analizada en profundidad, al tiempo que se muestran modelos metodológicos que pueden dar respuesta a las necesidades identificadas. Los resultados del estudio abren nuevas líneas de investigación centradas en la implementación y evaluación de un programa que se denominará Arcila.</subfield>
</datafield>
<datafield tag="024" ind2=" " ind1="8">
<subfield code="a">http://uvadoc.uva.es/handle/10324/5909</subfield>
</datafield>
<datafield ind1=" " ind2=" " tag="653">
<subfield code="a">Psicopedagogía</subfield>
</datafield>
<datafield ind1=" " ind2=" " tag="653">
<subfield code="a">Educación-Metodología</subfield>
</datafield>
<datafield tag="245" ind1="0" ind2="0">
<subfield code="a">Diagnóstico de las necesidades educativas que justifican el diseño de un programa de apoyo escolar en Segundo de Primaria de un CEIP de la ciudad de Segovia</subfield>
</datafield>
</record></metadata></record></GetRecord></OAI-PMH>